| Tag |
First Indicator |
Second Indicator |
Subfields |
| LEADER |
00000cmm a2200000 a 4500 |
| 001 |
in00000001340 |
| 005 |
20151007050412.0 |
| 008 |
981016s1998 vau m f eng d |
| 035 |
|
|
|a (OCoLC)40122808
|
| 035 |
|
|
|9 AJB2758AM
|
| 040 |
|
|
|a GPO
|c GPO
|d DLC
|d MvI
|d UtOrBLW
|
| 049 |
|
|
|a UDOC
|
| 074 |
|
|
|a 0624-H
|
| 086 |
0 |
|
|a I 19.76:98-369
|
| 245 |
0 |
0 |
|a STATPAC archive /
|c compiled by Ronald R. Tidball.
|
| 256 |
|
|
|a Computer programs.
|
| 264 |
|
1 |
|a [Reston, Va.] :
|b U.S. Dept. of the Interior, U.S. Geological Survey ;
|a Denver, CO :
|b USGS Books and Open-File Reports,
|c 1998.
|
| 300 |
|
|
|a 1 CD-ROM ;
|c 4 3/4 in.
|
| 336 |
|
|
|a computer program
|b cop
|2 rdacontent
|
| 337 |
|
|
|a computer
|b c
|2 rdamedia
|
| 338 |
|
|
|a computer disc
|b cd
|2 rdacarrier
|
| 490 |
1 |
|
|a Open file report ;
|v 98-369
|
| 538 |
|
|
|a System requirements: Parallel capability was developed for both IBM-PC compatible computers using MS-DOS and UNIX-based computers; however all programs will execute on an IBM-PC compatible computer using MS-DOS.
|
| 500 |
|
|
|a Title from title screen.
|
| 500 |
|
|
|a Shipping list number: 98-0071-E.
|
| 520 |
|
|
|a Contains statistical programs developed over 30 year period to manage and analyze large amounts of geochemical data. Purpose of this archive is to preserve the functionality of unique programs as well as to be a repository for wealth of expert programming techniques represented.
|
| 500 |
|
|
|a Electronic resource.
|
| 650 |
|
0 |
|a Geochemistry
|x Computer programs.
|
| 650 |
|
0 |
|a Geochemistry
|x Statistical methods.
|
| 700 |
1 |
|
|a Tidball, Ronald R.
|
| 710 |
2 |
|
|a Geological Survey (U.S.)
|
| 830 |
|
0 |
|a U.S. Geological Survey open-file report ;
|v 98-369.
|
| 999 |
|
|
|a MARS
|
| 999 |
f |
f |
|s f6f99dac-de83-3d0e-9f5f-f8a484461c28
|i 4a9a632a-22fc-3d7d-8469-94d8d5df0162
|t 0
|
| 952 |
f |
f |
|p normal
|a Texas A&M University
|b College Station
|c Sterling C. Evans Library
|d Evans: US Documents CD-ROMs (Annex 5th floor)
|t 0
|e I 19.76:98-369
|h Superintendent of Documents classification
|i computer -- computer disc
|m A14820684499
|
| 998 |
f |
f |
|a I 19.76:98-369
|t 0
|l Evans: US Documents CD-ROMs (Annex 5th floor)
|